00421nam a2200157Ia 4500008004100000020001800041082001600059100002600075245002600101250000900127260004400136300003400180500001900214600001500233650001500248240925s9999 xx 000 0 und d a9781118092316 a658.007 SCH aSchermerhorn, John R. 0aOrganization Behavior a12th aNew Jersey:bJohn wiley & Sonsc,2012. aVarious pagesbN.AfPhotocopy aIncludes Index aManagement aManagement